Nom des habitants de 20 pays par drapeau #1 - Statistiques

Statistiques générales
  • Ce quiz a été pris 64 fois
  • Le résultat moyen est 13 sur 20
Statistiques - réponses
Par images Réponse % Correct
Canadien
100%
Francais
100%
Suisse
98%
Brésilien
97%
Turc
88%
Tchadien
81%
Tchèque
80%
Néerlandais
76%
Cubain
75%
Pakistanais
71%
Néo-Zélandais
69%
Congolais
54%
Fidjien
54%
Uruguayen
54%
Dominicain
53%
Rwandais
39%
Koweïtien
36%
Yéménite
32%
Saint-Marinais
14%
Nauruan
5%
Aucun quiz correspondant
Distribution des résultats
% des personnes avec chaque résultat
Percentile par nombre de réponses
Votre historique - résultats
Vous n’avez pas pris ce quiz